| Tag |
First Indicator |
Second Indicator |
Subfields |
| LEADER |
00000pam a2200000 a 4500 |
| 001 |
in00000082826 |
| 005 |
20151008054235.0 |
| 008 |
800822s1981 vaua b 00110 engm |
| 010 |
|
|
|a 80021624
|
| 020 |
|
|
|a 0835908291
|
| 035 |
|
|
|a (OCoLC)06707757
|
| 035 |
|
|
|9 AAJ0066AM
|
| 040 |
|
|
|a DLC
|c DLC
|d m.c.
|d TXA
|d UtOrBLW
|
| 049 |
|
|
|a TXAM
|c [932631]
|
| 050 |
0 |
0 |
|a HD9715.A2
|b A35
|
| 082 |
0 |
|
|a 624/.068
|2 19
|
| 100 |
1 |
|
|a Adrian, James J.
|
| 245 |
1 |
0 |
|a CM :
|b the construction management process /
|c James J. Adrian.
|
| 264 |
|
1 |
|a Reston, Va. :
|b Reston Pub. Co.,
|c [1981]
|
| 264 |
|
4 |
|c ©1981
|
| 300 |
|
|
|a xii, 329 pages :
|b illustrations ;
|c 24 cm.
|
| 336 |
|
|
|a text
|b txt
|2 rdacontent
|
| 337 |
|
|
|a unmediated
|b n
|2 rdamedia
|
| 338 |
|
|
|a volume
|b nc
|2 rdacarrier
|
| 504 |
|
|
|a Includes bibliographical references and index.
|
| 650 |
|
0 |
|a Construction industry
|x Management.
|
| 740 |
0 |
|
|a Construction management process.
|
| 999 |
|
|
|a MARS
|
| 999 |
f |
f |
|s 6947ee7d-1d33-3b90-9199-a23b03708846
|i fd715d1e-b7d4-37a6-aea4-f100273a3e9e
|t 0
|
| 952 |
f |
f |
|p ric
|a Texas A&M University
|b Rellis Campus
|c Joint Library Facility
|d Remote Storage
|t 0
|e HD9715.A2 A35
|h Library of Congress classification
|i unmediated -- volume
|m A14806132145
|
| 998 |
f |
f |
|a HD9715.A2 A35
|t 0
|l Remote Storage
|